XXNormal : stop al body shaming! /
Un libro per ragazzi e ragazze dai 12 anni, per imparare la bellezza della diversità e il valore del rispetto reciproco. Un insieme di racconti per affrontare con i giovani il tema del body shaming, della discriminazione e dell'emarginazione. Un libro che parla di diversità, crescita, scuola, amiciz...
Uloženo v:
| Hlavní autor: | |
|---|---|
| Médium: | Kniha |
| Jazyk: | italština |
| Vydáno: |
San Dorligo della Valle :
Einaudi ragazzi,
©2022
|
| Edice: | Presenti passati
|
| Témata: | |
| Tagy: |
Žádné tagy, Buďte první, kdo vytvoří štítek k tomuto záznamu!
|
MARC
| LEADER | 00000nam a22000007i 4500 | ||
|---|---|---|---|
| 001 | IT\ICCU\LZ1\0006960 | ||
| 003 | ItRI | ||
| 005 | 20260115232131.0 | ||
| 008 | 220506s2022 it |||||| |||||1|||||c | ||
| 020 | |a 9788866567417 | ||
| 040 | |b ita |c importazione bologna sebina | ||
| 041 | 7 | |a ita |2 ISO-639-2 | |
| 082 | |a 302.34 |9 INTERAZIONE SOCIALE IN PICCOLI GRUPPI (PRIMARI) |2 21 | ||
| 100 | 1 | |a Strada, Annalisa, |d (1969- ) |0 IT\ICCU\LO1V\144657 |4 aut | |
| 240 | 1 | 0 | |a XXNormal |3 IT\ICCU\MOD\1739107 |9 Strada, Annalisa <1969- > |
| 245 | 1 | 0 | |a XXNormal : |b stop al body shaming! / |c Annalisa Strada. |
| 260 | |a San Dorligo della Valle : |b Einaudi ragazzi, |c ©2022 | ||
| 300 | |a 108 p. ; |c 19 cm | ||
| 520 | |a Un libro per ragazzi e ragazze dai 12 anni, per imparare la bellezza della diversità e il valore del rispetto reciproco. Un insieme di racconti per affrontare con i giovani il tema del body shaming, della discriminazione e dell'emarginazione. Un libro che parla di diversità, crescita, scuola, amicizia, incontri, violenza. Il body shaming è una persecuzione subdola e una tentazione facile. Senza guardare in faccia nessuno, può colpire chiunque, dalle persone ordinarie alle star di Hollywood, passando per gli influencer più seguiti. Conoscerlo è fondamentale: potremmo esserne vittime e aver bisogno di aiuto, ma potremmo anche essere inconsapevoli persecutori. In un dialogo schietto, ricco di esempi concreti, Annalisa Strada affronta questo problema, dai risvolti sia individuali che sociali, smascherando gli stereotipi che lo alimentano, sfatando falsi miti e proponendo spunti di riflessione per giovani e adulti. Età di lettura: da 12 anni. (cfr.www.ibs.it) | ||
| 650 | 7 | |a Bullismo |x Libri per ragazzi | |
| 650 | 7 | |a Corpo umano |x Rappresentazione |x Libri per ragazzi | |
| 830 | 0 | |a Presenti passati |0 IT\ICCU\LO1\1739208 | |
| 942 | |2 ddc |c BK |n 0 | ||
| 952 | |0 0 |1 0 |4 0 |6 R_128_600000000000000_STR |7 0 |9 20651 |a BO |b BO |d 2026-01-15 |i 21045 |l 0 |o R 128.6 STR |p BO21045 |r 2026-01-15 23:21:31 |w 2026-01-15 |x [Sebina 5] [1 v.] |y BK |z 1 v. | ||
| 999 | |c 17637 |d 17637 | ||